[Event "Tournoi francophone 003 Groupe A"]
[Site "Skype"]
[Date "????.??.??"]
[Round "1.1"]
[White "Hervais, Adrien"]
[Black "Lambert, Pierre"]
[Result "1-0"]
[WhiteElo "2071"]
[BlackElo "1838"]
[PlyCount "91"]

1. e4 c5 2. c3 e6 3. d4 cxd4 4. cxd4 Nc6 5. Nf3 d6 6. Nc3 Nf6 7. Bd3 Be7 8. a3
O-O 9. Bc2 Bd7 10. Qd3 e5 11. d5 Nb8 12. O-O Na6 13. b4 Rc8 14. Bd2 Qc7 15.
Rac1 Qc4 16. Qe3 Ng4 17. Qxa7 Qc7 18. Na4 Bxa4 19. Bxa4 Qb8 20. Qxb8 Nxb8 21.
Bc3 Nf6 22. Nd2 Rc7 23. f3 Rfc8 24. Bb2 Bd8 25. Nb3 Rc2 26. Rxc2 Rxc2 27. Rc1
Bb6+ 28. Kh1 Rxc1+ 29. Nxc1 Kf8 30. g3 Ke7 31. Kg2 Nbd7 32. Kf1 Ba7 33. Ne2 Nb6
34. Bb3 Kd7 35. Nc3 Nc8 36. Nb5 Bb8 37. a4 Ne8 38. Na3 Nc7 39. b5 Ba7 40. Ke2
Bc5 41. Nc4 Nb6 42. Ne3 g6 43. a5 Nxb5 44. axb6 Nd4+ 45. Bxd4 exd4 46. Nc4 1-0

[Event "Tournoi francophone 003 Groupe A"]
[Site "Skype"]
[Date "????.??.??"]
[Round "1.2"]
[White "Legueltel, Daniel"]
[Black "Ayotte, Jocelyn"]
[Result "0-1"]
[WhiteElo "1823"]
[BlackElo "2167"]
[PlyCount "34"]

1. d4 d5 2. c4 e6 3. Nc3 Nf6 4. Bg5 Be7 5. e3 O-O 6. Nf3 b6 7. cxd5 exd5 8. Rc1
Bb7 9. Bd3 c5 10. dxc5 bxc5 11. b3 d4 12. exd4 cxd4 13. Nb5 Bb4+ 14. Kf1 Nc6
15. Nbxd4 Nxd4 16. Nxd4 Re8 17. h4 Re1+ 0-1

[Event "Tournoi francophone 003 Groupe A"]
[Site "Skype"]
[Date "????.??.??"]
[Round "1.3"]
[White "Brun, Jacques"]
[Black "Deville, Olivier"]
[Result "0-1"]
[WhiteElo "1791"]
[BlackElo "1974"]
[PlyCount "88"]

1. e4 c5 2. Nf3 d6 3. d4 Nf6 4. Nc3 cxd4 5. Qxd4 a6 6. Bc4 Nc6 7. Qd1 b5 8. Bd3
e6 9. Bg5 Be7 10. a3 O-O 11. O-O Bb7 12. Re1 Qc7 13. h3 Rfe8 14. Rc1 Rac8 15.
Bh4 Na5 16. Nb1 Nc4 17. b3 Nb2 18. Qe2 Nxd3 19. cxd3 Qxc1 20. Rxc1 Rxc1+ 21.
Kh2 Rxb1 22. Nd4 Rc8 23. Bg5 h6 24. Be3 d5 25. e5 Nd7 26. f4 Bh4 27. g3 Be7 28.
Qa2 Rd1 29. Qe2 Rdc1 30. Bxc1 Rxc1 31. b4 Bd8 32. Qd2 Rc8 33. Nb3 Bb6 34. d4
Rc4 35. Nc5 Bxc5 36. bxc5 Nb8 37. Qa5 Nc6 38. Qc7 Nxd4 39. Qxb7 Rxc5 40. Qxa6
Nb3 41. Qb6 d4 42. Qd8+ Kh7 43. Qe7 d3 44. Qxf7 Rc2+ 0-1

[Event "Tournoi francophone 003 Groupe A"]
[Site "Skype"]
[Date "????.??.??"]
[Round "1.4"]
[White "Janssen, Gerard"]
[Black "Bourdeau, Yvan"]
[Result "0-1"]
[WhiteElo "1694"]
[BlackElo "1635"]
[PlyCount "50"]

1. d4 Nf6 2. c4 e6 3. Nc3 Bb4 4. Nf3 d5 5. e3 c5 6. a3 Bxc3+ 7. bxc3 Nc6 8.
cxd5 Nxd5 9. Qc2 cxd4 10. cxd4 O-O 11. Bd3 h6 12. O-O Qc7 13. Bb2 Rd8 14. Rac1
Qe7 15. g3 Bd7 16. Ne5 Nxe5 17. dxe5 Bc6 18. Bh7+ Kh8 19. Be4 Rac8 20. Qb1 Qe8
21. Bd4 b6 22. h4 Ne7 23. h5 Bd5 24. Rxc8 Rxc8 25. Rc1 Rxc1+ 0-1

[Event "Tournoi francophone 003 Groupe A"]
[Site "Skype"]
[Date "????.??.??"]
[Round "1.5"]
[White "Duthoit, Bernard"]
[Black "Plourde, Alain"]
[Result "0-1"]
[WhiteElo "1604"]
[BlackElo "1931"]
[PlyCount "100"]

1. e4 g6 2. d4 Bg7 3. Nf3 d6 4. c3 Bg4 5. Be2 Nd7 6. h3 Bxf3 7. Bxf3 c6 8. O-O
Ngf6 9. Re1 O-O 10. Nd2 Nb6 11. Nb3 Qc7 12. Bf4 e5 13. dxe5 dxe5 14. Bg3 Rad8
15. Qc2 Nc4 16. Rad1 Rfe8 17. Nc5 Bh6 18. Nd3 Nd7 19. b3 Nd6 20. c4 Qa5 21. Qb2
Bg7 22. a3 c5 23. Bg4 f5 24. exf5 e4 25. Ne5 Nxe5 26. Bxe5 Bxe5 27. Qd2 Qxd2
28. Rxd2 Nxf5 29. Rxd8 Rxd8 30. Rxe4 h5 31. Bxh5 Bc7 32. Bf3 Rd3 33. b4 Rxa3
34. g4 Rxf3 35. gxf5 gxf5 36. Re8+ Kf7 37. Rc8 Be5 38. Rxc5 Kf6 39. Kg2 Rf4 40.
Rc8 Rd4 41. b5 Bd6 42. Ra8 Rxc4 43. Rxa7 b6 44. Rb7 Bc5 45. Rh7 Rb4 46. h4 Rxb5
47. h5 Rb4 48. Rh8 Kg7 49. Re8 Rh4 50. Re7+ Bxe7 0-1

[Event "Tournoi francophone 003 Groupe A"]
[Site "Skype"]
[Date "????.??.??"]
[Round "2.1"]
[White "Lambert, Pierre"]
[Black "Plourde, Alain"]
[Result "0-1"]
[WhiteElo "1838"]
[BlackElo "1931"]
[PlyCount "52"]

1. e4 e6 2. d4 d5 3. e5 c5 4. c3 Nc6 5. Nf3 Qb6 6. Bd3 Bd7 7. Bc2 Nh6 8. O-O
Nf5 9. Bxf5 exf5 10. a3 Be6 11. Re1 cxd4 12. cxd4 Be7 13. Nc3 h6 14. Na4 Qb5
15. b4 O-O 16. Bb2 a5 17. Nc3 Qb6 18. b5 Na7 19. Qd3 Rfc8 20. a4 Bb4 21. Rec1
Rc4 22. Ne2 Rac8 23. Nh4 g6 24. Qg3 g5 25. Nf4 Rxc1+ 26. Bxc1 Qxd4 0-1

[Event "Tournoi francophone 003 Groupe A"]
[Site "Skype"]
[Date "????.??.??"]
[Round "2.2"]
[White "Bourdeau, Yvan"]
[Black "Duthoit, Bernard"]
[Result "1-0"]
[WhiteElo "1635"]
[BlackElo "1604"]
[PlyCount "40"]

1. c4 e5 2. Nc3 Nf6 3. d3 c5 4. e4 Nc6 5. Nf3 d6 6. h3 a6 7. Bd2 h6 8. a3 Be6
9. Nd5 Nxe4 10. dxe4 Ne7 11. Nxe7 Bxe7 12. Be2 O-O 13. O-O f5 14. Bd3 fxe4 15.
Bxe4 Rb8 16. Be3 Bxc4 17. Bd5+ Bxd5 18. Qxd5+ Kh8 19. Rad1 b6 20. Qe4 Rb7 1-0

[Event "Tournoi francophone 003 Groupe A"]
[Site "Skype"]
[Date "????.??.??"]
[Round "2.3"]
[White "Deville, Olivier"]
[Black "Janssen, Gerard"]
[Result "1-0"]
[WhiteElo "1974"]
[BlackElo "1694"]
[PlyCount "43"]

1. c4 c5 2. Nf3 Nc6 3. Nc3 d6 4. e3 Nf6 5. d4 cxd4 6. exd4 e6 7. d5 exd5 8.
Nxd5 Nxd5 9. Qxd5 Be7 10. Bd3 O-O 11. Qh5 g6 12. Qh6 Bf6 13. Ng5 Bxg5 14. Bxg5
f6 15. Be3 Ne5 16. Be2 Qa5+ 17. Bd2 Qa4 18. b3 Qc6 19. O-O Qe4 20. Rfe1 Ng4 21.
Bxg4 Qxg4 22. Re7 1-0

[Event "Tournoi francophone 003 Groupe A"]
[Site "Skype"]
[Date "????.??.??"]
[Round "2.4"]
[White "Ayotte, Jocelyn"]
[Black "Brun, Jacques"]
[Result "1-0"]
[WhiteElo "2167"]
[BlackElo "1791"]
[PlyCount "53"]

1. d4 g6 2. e4 Bg7 3. Nf3 c5 4. Nc3 cxd4 5. Nxd4 Nc6 6. Be3 Nf6 7. Bc4 Qa5 8.
O-O O-O 9. Bb3 a6 10. f3 d6 11. Qd2 Bd7 12. Rad1 Rac8 13. Nxc6 Bxc6 14. Nd5 Qd8
15. Bb6 Qd7 16. Bd4 Nxd5 17. Bxg7 Kxg7 18. exd5 Ba4 19. Qd4+ Kg8 20. Bxa4 b5
21. Bb3 a5 22. a4 b4 23. Rd3 Rc5 24. Re1 Rfc8 25. Rde3 Re8 26. f4 Qc8 27. Rxe7
1-0

[Event "Tournoi francophone 003 Groupe A"]
[Site "Skype"]
[Date "????.??.??"]
[Round "2.5"]
[White "Hervais, Adrien"]
[Black "Legueltel, Daniel"]
[Result "1-0"]
[WhiteElo "2071"]
[BlackElo "1823"]
[PlyCount "75"]

1. e4 e5 2. d4 exd4 3. Qxd4 Nc6 4. Qe3 Bb4+ 5. Nc3 d6 6. Bd2 Nf6 7. Qg3 Qe7 8.
O-O-O Be6 9. Bb5 Bxc3 10. Bxc3 O-O 11. Nh3 Ne5 12. Bxe5 dxe5 13. Qxe5 Qb4 14.
Rd4 Qa5 15. Ra4 Qb6 16. Bd3 Bxh3 17. gxh3 Qxf2 18. Qxc7 Qe3+ 19. Kb1 b5 20.
Bxb5 Nxe4 21. Ra3 Nd2+ 22. Ka1 Qf2 23. Qg3 Qb6 24. Bd3 Rab8 25. Qe5 Rfe8 26.
Qc3 Rec8 27. Ra6 Qf2 28. Qe5 Re8 29. Qg3 Qd4 30. c3 Qd7 31. Rg1 g6 32. Bxg6
fxg6 33. Rd6 Qg7 34. Rxd2 Rb6 35. Rgd1 Rbe6 36. Qf2 Rf6 37. Qd4 Qf7 38. a3 1-0

[Event "Tournoi francophone 003 Groupe A"]
[Site "Skype"]
[Date "????.??.??"]
[Round "3.1"]
[White "Legueltel, Daniel"]
[Black "Lambert, Pierre"]
[Result "1-0"]
[WhiteElo "1823"]
[BlackElo "1838"]
[PlyCount "67"]

1. d4 Nf6 2. c4 c6 3. Nf3 d5 4. e3 g6 5. Nc3 Bg7 6. cxd5 cxd5 7. Bd3 O-O 8. O-O
Nc6 9. a3 Bg4 10. h3 Bxf3 11. Qxf3 e5 12. dxe5 Nxe5 13. Qd1 d4 14. exd4 Qxd4
15. Be2 Rfd8 16. Be3 Qxd1 17. Rfxd1 a6 18. Bb6 Rd7 19. Rxd7 Nexd7 20. Bd4 Re8
21. Bf3 b5 22. Bb7 Re6 23. Rd1 Bf8 24. b4 Nb6 25. Bxa6 Nc4 26. Bc8 Rd6 27. Nxb5
Rd8 28. Bb7 Rb8 29. Bc6 Rd8 30. Rc1 Nxa3 31. Bxf6 Bh6 32. Bxd8 Bxc1 33. Nxa3
Bxa3 34. b5 1-0

[Event "Tournoi francophone 003 Groupe A"]
[Site "Skype"]
[Date "????.??.??"]
[Round "3.3"]
[White "Janssen, Gerard"]
[Black "Ayotte, Jocelyn"]
[Result "0-1"]
[WhiteElo "1694"]
[BlackElo "2167"]
[PlyCount "58"]

1. d4 d5 2. c4 e6 3. Nc3 Nf6 4. Nf3 Be7 5. e3 O-O 6. c5 b6 7. b4 a5 8. Ba3 axb4
9. Bxb4 Na6 10. Bxa6 Bxa6 11. Ne5 Ne4 12. Nc6 Qe8 13. Nxe7+ Qxe7 14. Nxe4 dxe4
15. f4 e5 16. fxe5 Qg5 17. Qd2 Rfe8 18. h4 Qg4 19. Qf2 Re6 20. a3 f6 21. cxb6
fxe5 22. Rh3 Rf6 23. Qa2+ Kh8 24. Rh1 c5 25. Bxc5 Qg3+ 26. Kd1 Rf2 27. Qd5 Be2+
28. Kc1 Qxe3+ 29. Kb2 Bc4+ 0-1

[Event "Tournoi francophone 003 Groupe A"]
[Site "Skype"]
[Date "????.??.??"]
[Round "3.4"]
[White "Duthoit, Bernard"]
[Black "Deville, Olivier"]
[Result "0-1"]
[WhiteElo "1604"]
[BlackElo "1974"]
[PlyCount "106"]

1. e4 c5 2. Nf3 d6 3. d4 cxd4 4. Nxd4 Nf6 5. Nc3 Nc6 6. Bb5 Bd7 7. Bxc6 bxc6 8.
O-O e6 9. Re1 Be7 10. e5 Nd5 11. Nxd5 cxd5 12. exd6 Bxd6 13. Nf5 Bf8 14. Qg4
Qf6 15. Bg5 Qg6 16. Ne3 Bc6 17. Rad1 Be7 18. Bxe7 Qxg4 19. Nxg4 Kxe7 20. Ne5
Bb7 21. c4 f6 22. Nf3 dxc4 23. Nd4 Bd5 24. f4 Kf7 25. f5 e5 26. Nb5 Rad8 27.
Nxa7 Rd7 28. Nb5 Rhd8 29. Nc3 Bc6 30. Rxd7+ Rxd7 31. Rd1 Rxd1+ 32. Nxd1 Ke7 33.
g4 Kd6 34. Kf2 e4 35. Ke3 Ke5 36. Nc3 g6 37. fxg6 hxg6 38. b3 cxb3 39. axb3 f5
40. gxf5 gxf5 41. h4 f4+ 42. Kf2 Kf5 43. b4 Kg4 44. b5 Bb7 45. Ne2 e3+ 46. Ke1
f3 47. h5 Kxh5 48. Ng1 f2+ 49. Kf1 fxg1=Q+ 50. Kxg1 Kg4 51. Kf1 Kf3 52. Ke1 e2
53. b6 Ba6 0-1

[Event "Tournoi francophone 003 Groupe A"]
[Site "Skype"]
[Date "????.??.??"]
[Round "3.5"]
[White "Plourde, Alain"]
[Black "Bourdeau, Yvan"]
[Result "1/2-1/2"]
[WhiteElo "1931"]
[BlackElo "1635"]
[PlyCount "93"]

1. d4 Nf6 2. c4 e6 3. Nf3 b6 4. Nc3 Bb7 5. a3 Ne4 6. Nxe4 Bxe4 7. Bf4 d6 8. Nd2
Bb7 9. e4 Be7 10. Bd3 e5 11. Be3 Nd7 12. d5 Bg5 13. Qe2 Bxe3 14. Qxe3 O-O 15.
O-O Qe7 16. b4 Rab8 17. h3 Bc8 18. f4 Bb7 19. f5 Rbe8 20. Rf3 f6 21. Rg3 Kh8
22. Rf1 Rg8 23. Be2 Rc8 24. Rg4 Nf8 25. Nb3 Nd7 26. Rh4 g6 27. fxg6 Rxg6 28.
Bh5 Rg5 29. Bg4 Rcg8 30. Qf3 f5 31. exf5 Nf6 32. Nd2 Bc8 33. Rf2 Bd7 34. Ne4
Nxe4 35. Qxe4 Qf6 36. Rh5 Be8 37. Rxg5 Rxg5 38. h4 Rg8 39. g3 Rf8 40. Qf3 Bf7
41. Bh5 e4 42. Qe2 Bxh5 43. Qxh5 Qa1+ 44. Kg2 Qf6 45. Qe2 Re8 46. Qe3 Re5 47.
Re2 1/2-1/2

[Event "Tournoi francophone 003 Groupe A"]
[Site "Skype"]
[Date "????.??.??"]
[Round "4.2"]
[White "Deville, Olivier"]
[Black "Plourde, Alain"]
[Result "1-0"]
[WhiteElo "1974"]
[BlackElo "1931"]
[PlyCount "75"]

1. c4 Nf6 2. Nf3 e6 3. b3 b6 4. e3 Bb7 5. Be2 c5 6. Bb2 Be7 7. O-O O-O 8. Nc3
d5 9. cxd5 Nxd5 10. d4 Nd7 11. Nxd5 Bxd5 12. Bd3 Rc8 13. e4 Bb7 14. Qe2 cxd4
15. Nxd4 e5 16. Nf5 Bc5 17. Rad1 Qc7 18. Qg4 g6 19. Bb1 Kh8 20. Qh4 f6 21. Nh6
Nb8 22. a3 Nc6 23. Ng4 Qe7 24. Nxe5 fxe5 25. Qxe7 Nxe7 26. Bxe5+ Kg8 27. b4
Bxf2+ 28. Rxf2 Rxf2 29. Kxf2 Bc6 30. Rd6 Rf8+ 31. Bf6 Rxf6+ 32. Rxf6 Be8 33.
Ba2+ Kg7 34. Re6 Kf8 35. Rd6 Nc6 36. Bd5 Nd4 37. Rd8 Ke7 38. Ra8 1-0

[Event "Tournoi francophone 003 Groupe A"]
[Site "Skype"]
[Date "????.??.??"]
[Round "4.3"]
[White "Ayotte, Jocelyn"]
[Black "Duthoit, Bernard"]
[Result "1-0"]
[WhiteElo "2167"]
[BlackElo "1604"]
[PlyCount "93"]

1. d4 e5 2. e3 exd4 3. exd4 Nf6 4. Bd3 d5 5. h3 g6 6. Nf3 Bg7 7. Qe2+ Be6 8.
O-O O-O 9. Bg5 Re8 10. Qd2 a6 11. Ne5 Nbd7 12. Qf4 Nxe5 13. dxe5 Nh5 14. Bxd8
Nxf4 15. Bxc7 Nxd3 16. cxd3 Bf5 17. d4 Rac8 18. Bd6 f6 19. f4 fxe5 20. fxe5 Rc4
21. Bc5 Bxe5 22. dxe5 Rxc5 23. Re1 d4 24. Nd2 Rcxe5 25. Rxe5 Rxe5 26. Nf3 Rd5
27. Kf2 d3 28. Ke3 h6 29. Rc1 Rd7 30. b3 Re7+ 31. Kd4 Rd7+ 32. Ke5 Kg7 33. g4
Re7+ 34. Kf4 Re4+ 35. Kg3 Be6 36. Rc7+ Kf6 37. Rxb7 Bd5 38. Rb6+ Kf7 39. Rd6
Rd4 40. Nd2 Ke7 41. Rxg6 Re4 42. Nxe4 Bxe4 43. Rg7+ Ke6 44. Kf2 Bg2 45. h4 Be4
46. Ke3 Ke5 47. Re7+ 1-0

[Event "Tournoi francophone 003 Groupe A"]
[Site "Skype"]
[Date "????.??.??"]
[Round "4.4"]
[White "Hervais, Adrien"]
[Black "Janssen, Gerard"]
[Result "1-0"]
[WhiteElo "2071"]
[BlackElo "1694"]
[PlyCount "61"]

1. d4 d5 2. Nc3 e6 3. e4 Be7 4. e5 c5 5. Qg4 g6 6. f4 f5 7. Qf3 cxd4 8. Nce2
Bb4+ 9. Kf2 Nc6 10. a3 Qa5 11. g3 Be1+ 12. Kg2 b5 13. Qd3 b4 14. Nf3 b3 15.
Nexd4 Nxd4 16. Qxd4 Bd7 17. Bd3 Bxg3 18. hxg3 bxc2 19. Bd2 Qc7 20. Rac1 Ne7 21.
Rxc2 Nc6 22. Qc5 Qb7 23. Bb5 Rc8 24. Rhc1 d4 25. Kf2 a6 26. Ba4 d3 27. Rc3 Ne7
28. Bxd7+ Qxd7 29. Qxc8+ Nxc8 30. Rxc8+ Ke7 31. R1c7 1-0

[Event "Tournoi francophone 003 Groupe A"]
[Site "Skype"]
[Date "????.??.??"]
[Round "4.5"]
[White "Legueltel, Daniel"]
[Black "Brun, Jacques"]
[Result "1/2-1/2"]
[WhiteElo "1823"]
[BlackElo "1791"]
[PlyCount "78"]

1. d4 g6 2. c4 Bg7 3. e4 c5 4. Nf3 cxd4 5. Nxd4 Nc6 6. Be3 Nf6 7. Nc3 Ng4 8.
Nxc6 Nxe3 9. Nxd8 Nxd1 10. Rxd1 Bxc3+ 11. bxc3 Kxd8 12. Be2 b6 13. f3 Ba6 14.
Kf2 Rc8 15. Rd4 e5 16. Rd5 f6 17. Rhd1 Rc7 18. a4 Ke7 19. a5 Rd8 20. axb6 axb6
21. Rd6 Bxc4 22. Rxb6 Bxe2 23. Kxe2 Rxc3 24. Rb7 Rc2+ 25. Rd2 Rxd2+ 26. Kxd2
Ra8 27. Rb2 Ra7 28. Kd3 Ke6 29. Kc4 Rc7+ 30. Kd3 d6 31. g3 f5 32. h3 g5 33. Rb8
f4 34. g4 Ra7 35. Rg8 Kf6 36. Rf8+ Rf7 37. Rd8 Ke7 38. Rc8 Rg7 39. Kc4 Ke6
1/2-1/2

[Event "Tournoi francophone 003 Groupe A"]
[Site "Skype"]
[Date "????.??.??"]
[Round "5.2"]
[White "Janssen, Gerard"]
[Black "Legueltel, Daniel"]
[Result "0-1"]
[WhiteElo "1694"]
[BlackElo "1823"]
[PlyCount "52"]

1. d4 Nf6 2. c4 g6 3. Nc3 Bg7 4. e4 d6 5. Be2 e5 6. f4 exd4 7. Qxd4 O-O 8. Qd1
Re8 9. Bf3 Qe7 10. Nge2 Nc6 11. O-O Be6 12. Qb3 Na5 13. Qb4 b6 14. Nd5 Bxd5 15.
cxd5 Nxe4 16. Ng3 Nxg3 17. hxg3 Nb7 18. Bd2 Nc5 19. Qa3 a5 20. Rae1 Qd7 21. Bc3
Bxc3 22. Qxc3 Rxe1 23. Rxe1 Re8 24. b3 Re7 25. Kf2 Qe8 26. g4 Rxe1 0-1

[Event "Tournoi francophone 003 Groupe A"]
[Site "Skype"]
[Date "????.??.??"]
[Round "5.3"]
[White "Duthoit, Bernard"]
[Black "Hervais, Adrien"]
[Result "0-1"]
[WhiteElo "1604"]
[BlackElo "2071"]
[PlyCount "78"]

1. e4 e5 2. d4 Nc6 3. d5 Nce7 4. Nc3 d6 5. Bb5+ c6 6. dxc6 bxc6 7. Ba4 h6 8.
Bb3 Nf6 9. Nf3 Bg4 10. h3 Bh5 11. O-O Nc8 12. Re1 Be7 13. Bd2 O-O 14. Re3 Nb6
15. a4 a5 16. Qc1 Nfd7 17. Nh2 Kh7 18. g4 Bg6 19. Rg3 Bh4 20. Rg2 Nc5 21. Nf3
Nxe4 22. Be3 Nxc3 23. bxc3 Be7 24. g5 h5 25. h4 Qc7 26. Nd2 Nd5 27. Bxd5 cxd5
28. Ra3 Ra6 29. Rb3 Rc6 30. Qb2 d4 31. cxd4 Rxc2 32. Rb7 Qc6 33. Qb6 Qxb6 34.
Rxb6 exd4 35. Rb7 dxe3 36. fxe3 Re8 37. Rf2 d5 38. Rd7 Bc5 39. Nb3 Bxe3 0-1

[Event "Tournoi francophone 003 Groupe A"]
[Site "Skype"]
[Date "????.??.??"]
[Round "5.4"]
[White "Plourde, Alain"]
[Black "Ayotte, Jocelyn"]
[Result "1/2-1/2"]
[WhiteElo "1931"]
[BlackElo "2167"]
[PlyCount "104"]

1. d4 d5 2. c4 dxc4 3. e3 e5 4. Bxc4 exd4 5. Qxd4 Qxd4 6. exd4 Nf6 7. f3 Nc6 8.
Ne2 Nb4 9. Na3 c6 10. g4 h5 11. g5 Nfd5 12. Bxd5 cxd5 13. Bf4 a6 14. Kd2 Be7
15. Nc2 Nxc2 16. Kxc2 Bf5+ 17. Kd2 O-O 18. a3 b5 19. Nc3 Be6 20. Rhe1 Rfd8 21.
Rac1 Kf8 22. Na2 Rac8 23. Nb4 Bxb4+ 24. axb4 Rc4 25. Rxc4 dxc4 26. Kc3 Rd5 27.
Re5 Ke7 28. Bg3 f6 29. Rxd5 Bxd5 30. f4 Ke6 31. Kd2 Kf5 32. gxf6 Kxf6 33. h3
Kf5 34. Ke3 a5 35. bxa5 b4 36. a6 g6 37. a7 b3 38. Be1 Ba8 39. Ba5 Ke6 40. Be1
Kd5 41. Bb4 Kc6 42. Kd2 Kd5 43. Ke3 Ke6 44. Bd2 Kf5 45. Ba5 g5 46. fxg5 Kxg5
47. Be1 Bd5 48. h4+ Kg4 49. Kd2 Kf3 50. Kc3 Ke4 51. a8=Q Bxa8 52. Kxc4 Bd5+
1/2-1/2

[Event "Tournoi francophone 003 Groupe A"]
[Site "Skype"]
[Date "????.??.??"]
[Round "5.5"]
[White "Bourdeau, Yvan"]
[Black "Deville, Olivier"]
[Result "0-1"]
[WhiteElo "1635"]
[BlackElo "1974"]
[PlyCount "60"]

1. e4 c5 2. Nf3 d6 3. d4 cxd4 4. Nxd4 Nf6 5. Nc3 Nc6 6. Be2 Bd7 7. Be3 a6 8. f3
Qc7 9. Qd2 b5 10. O-O g6 11. Nxc6 Qxc6 12. Nd5 Bg7 13. c3 Nxd5 14. exd5 Qb7 15.
Rfd1 O-O 16. Rac1 a5 17. c4 bxc4 18. Bxc4 Qxb2 19. Qxb2 Bxb2 20. Rb1 Bf6 21.
Rb7 Ba4 22. Rdb1 Rfc8 23. Bb3 Bxb3 24. R7xb3 Kg7 25. a3 Rc2 26. Kf1 a4 27. Rd3
Rac8 28. Rb4 R8c3 29. Rxc3 Rxc3 30. Rxa4 Rxe3 0-1

[Event "Tournoi francophone 003 Groupe A"]
[Site "Skype"]
[Date "????.??.??"]
[Round "6.2"]
[White "Ayotte, Jocelyn"]
[Black "Bourdeau, Yvan"]
[Result "1-0"]
[WhiteElo "2167"]
[BlackElo "1635"]
[PlyCount "49"]

1. d4 Nf6 2. Nf3 e6 3. g3 d5 4. Bg2 c6 5. O-O Nbd7 6. c4 Be7 7. Nc3 O-O 8. h3
dxc4 9. e4 h6 10. a4 Re8 11. Qe2 Bf8 12. Rd1 Qe7 13. e5 Nd5 14. Ne4 Qd8 15.
Qxc4 N7b6 16. Qe2 Bd7 17. a5 Nc8 18. Nh2 g6 19. Ng4 Kh7 20. Nef6+ Nxf6 21.
Nxf6+ Kg7 22. Be4 Ne7 23. Qg4 Nf5 24. Bxf5 exf5 25. Bxh6+ 1-0

[Event "Tournoi francophone 003 Groupe A"]
[Site "Skype"]
[Date "????.??.??"]
[Round "6.3"]
[White "Hervais, Adrien"]
[Black "Plourde, Alain"]
[Result "1-0"]
[WhiteElo "2071"]
[BlackElo "1931"]
[PlyCount "103"]

1. e4 e6 2. d4 d5 3. e5 c5 4. c3 Nc6 5. f4 Qb6 6. Nf3 cxd4 7. cxd4 Bb4+ 8. Bd2
Nge7 9. Bxb4 Qxb4+ 10. Qd2 Qxd2+ 11. Kxd2 a6 12. Bd3 Nf5 13. Bxf5 exf5 14. Nc3
Be6 15. Na4 O-O-O 16. Nc5 b6 17. Nxe6 fxe6 18. Ng5 Rd7 19. Nxe6 Re7 20. Ng5
Nxd4 21. Kd3 Ne6 22. Nxe6 Rxe6 23. Kd4 Rd8 24. Rac1+ Kb7 25. Rc3 Rc6 26. Rhc1
Rc4+ 27. Rxc4 dxc4+ 28. Kc3 b5 29. Re1 Rd3+ 30. Kc2 Kc6 31. e6 Rd8 32. a3 Re8
33. Kc3 a5 34. Re5 g6 35. e7 b4+ 36. axb4 axb4+ 37. Kxb4 c3 38. bxc3 Kd7 39.
Kc5 Rc8+ 40. Kd5 Ke8 41. c4 Ra8 42. c5 Ra2 43. c6 Rd2+ 44. Kc5 Rc2+ 45. Kd6
Rd2+ 46. Rd5 Rxd5+ 47. Kxd5 Kxe7 48. Kc5 h6 49. h4 Kd8 50. Kd6 Kc8 51. c7 h5
52. g3 1-0

[Event "Tournoi francophone 003 Groupe A"]
[Site "Skype"]
[Date "????.??.??"]
[Round "6.4"]
[White "Legueltel, Daniel"]
[Black "Duthoit, Bernard"]
[Result "1-0"]
[WhiteElo "1823"]
[BlackElo "1604"]
[PlyCount "53"]

1. d4 e5 2. dxe5 Nc6 3. f4 g6 4. Nf3 Bg7 5. e4 Nge7 6. Bd3 O-O 7. Nc3 d6 8.
exd6 Bxc3+ 9. bxc3 Qxd6 10. Be3 Bg4 11. O-O Qd7 12. Qe1 f5 13. Bc4+ Kg7 14. Rd1
Qe8 15. e5 Rd8 16. Rxd8 Qxd8 17. Ng5 Kh8 18. Ne6 Qc8 19. Nxf8 Qxf8 20. Qd2 a6
21. Qd7 Qd8 22. Qe6 Qg8 23. Qxe7 Nxe7 24. Bxg8 Kxg8 25. Rf2 h5 26. h3 Bd1 27.
Rd2 1-0

[Event "Tournoi francophone 003 Groupe A"]
[Site "Skype"]
[Date "????.??.??"]
[Round "7.2"]
[White "Duthoit, Bernard"]
[Black "Brun, Jacques"]
[Result "0-1"]
[WhiteElo "1604"]
[BlackElo "1791"]
[PlyCount "62"]

1. e4 c5 2. Nf3 Nc6 3. d4 cxd4 4. Nxd4 g6 5. Be3 Bg7 6. c3 Nf6 7. Nxc6 bxc6 8.
Bd3 O-O 9. Qd2 Ng4 10. h3 Nxe3 11. Qxe3 Rb8 12. Qd2 a5 13. O-O a4 14. Na3 d5
15. exd5 cxd5 16. Nb5 Qb6 17. Qc2 Ba6 18. Na3 Bxd3 19. Qxd3 Qxb2 20. Nc2 Qxc3
21. Qxc3 Bxc3 22. Rab1 e6 23. Na3 Bb2 24. Nc2 Rfc8 25. Ne3 Bd4 26. Rxb8 Rxb8
27. Nc2 Bf6 28. a3 Rb2 29. Nb4 Be7 30. Ra1 Bxb4 31. axb4 Rxb4 0-1

[Event "Tournoi francophone 003 Groupe A"]
[Site "Skype"]
[Date "????.??.??"]
[Round "7.3"]
[White "Plourde, Alain"]
[Black "Legueltel, Daniel"]
[Result "1/2-1/2"]
[WhiteElo "1931"]
[BlackElo "1823"]
[PlyCount "41"]

1. d4 d5 2. c4 c6 3. cxd5 cxd5 4. Nc3 Nc6 5. Bf4 a6 6. e3 Nf6 7. Nf3 e6 8. a3
Bd6 9. Bxd6 Qxd6 10. Bd3 Bd7 11. O-O O-O 12. b4 Rfc8 13. Na4 Ne7 14. Nc5 Bc6
15. Rc1 Ng6 16. Qb3 Ne4 17. Rc2 Qe7 18. Qb2 Rc7 19. a4 Nxc5 20. bxc5 Bxa4 21.
Rc3 1/2-1/2

[Event "Tournoi francophone 003 Groupe A"]
[Site "Skype"]
[Date "????.??.??"]
[Round "7.4"]
[White "Bourdeau, Yvan"]
[Black "Hervais, Adrien"]
[Result "0-1"]
[WhiteElo "1635"]
[BlackElo "2071"]
[PlyCount "128"]

1. c4 c6 2. Nc3 d5 3. b3 Nf6 4. e3 Bf5 5. d4 e6 6. a3 dxc4 7. Bxc4 b5 8. Be2
Nbd7 9. Bf3 b4 10. Na4 Be4 11. Bb2 Qa5 12. Qd2 Bxf3 13. gxf3 Qg5 14. Kf1 Qb5+
15. Ne2 Qd5 16. Kg2 Qxb3 17. axb4 Bxb4 18. Bc3 Bxc3 19. Nexc3 Qb7 20. Rhb1 Qc7
21. Qb2 O-O 22. Qb7 Qd6 23. Qb4 Qxb4 24. Rxb4 Rfb8 25. Rab1 Kf8 26. Rxb8+ Rxb8
27. Rxb8+ Nxb8 28. Nc5 Ke7 29. Kf1 Kd6 30. N3e4+ Nxe4 31. fxe4 Kc7 32. Ke2 Kb6
33. Kd3 Kb5 34. Kc3 Na6 35. Nb3 Nb4 36. Nc5 Na6 37. Nb7 f6 38. Nd8 Nc7 39. Nb7
a5 40. Nd6+ Kb6 41. Nc4+ Ka6 42. Kb3 Nb5 43. f4 a4+ 44. Kb4 g5 45. fxg5 fxg5
46. Kxa4 Nc3+ 47. Kb4 Nxe4 48. Ne5 Kb7 49. Nf7 Kc7 50. Ne5 h5 51. Ng6 Nd2 52.
Kc3 Nf1 53. h4 gxh4 54. Nxh4 Nxe3 55. Kd3 Nf5 56. Nf3 Kd6 57. Kc4 h4 58. Nh2 h3
59. Nf3 Ne3+ 60. Kd3 Nf1 61. Ke2 h2 62. Nxh2 Nxh2 63. Kd3 Kd5 64. Ke2 Kxd4 0-1

[Event "Tournoi francophone 003 Groupe A"]
[Site "Skype"]
[Date "????.??.??"]
[Round "7.5"]
[White "Deville, Olivier"]
[Black "Ayotte, Jocelyn"]
[Result "1-0"]
[WhiteElo "1974"]
[BlackElo "2167"]
[PlyCount "73"]

1. c4 e6 2. Nf3 Nf6 3. b3 c5 4. e3 d5 5. cxd5 exd5 6. Bb5+ Nc6 7. Bb2 Be7 8.
O-O O-O 9. Bxc6 bxc6 10. d3 Bg4 11. Nbd2 Nd7 12. Re1 f5 13. Qc2 Bf6 14. Rac1
Bxb2 15. Qxb2 Qe7 16. Qa3 Qf7 17. d4 f4 18. dxc5 fxe3 19. Rxe3 Rae8 20. Rce1
Rxe3 21. Rxe3 d4 22. Re4 Qf5 23. Re7 Qf6 24. Re4 Qg6 25. Nxd4 Nf6 26. Nxc6 Kh8
27. Ne5 Qh6 28. c6 Kg8 29. Nxg4 Nxg4 30. Nf1 Nxf2 31. Rc4 Ng4 32. c7 Rxf1+ 33.
Kxf1 Qf6+ 34. Ke2 Qf2+ 35. Kd3 Qf1+ 36. Kc3 Qe1+ 37. Kb2 1-0

[Event "Tournoi francophone 003 Groupe A"]
[Site "Skype"]
[Date "????.??.??"]
[Round "8.2"]
[White "Hervais, Adrien"]
[Black "Deville, Olivier"]
[Result "0-1"]
[WhiteElo "2071"]
[BlackElo "1974"]
[PlyCount "74"]

1. f4 g6 2. e4 Bg7 3. Nc3 c5 4. Nf3 a6 5. Bc4 b5 6. Bd5 Ra7 7. d3 e6 8. Bb3 Ne7
9. Be3 d6 10. e5 Qc7 11. exd6 Bxc3+ 12. bxc3 Qxd6 13. a4 Nd5 14. Bxd5 exd5 15.
axb5 Re7 16. Kf2 axb5 17. Re1 O-O 18. Qd2 Rfe8 19. Kg1 Bg4 20. Ne5 Bf5 21. Qf2
Rc8 22. Qh4 d4 23. Bd2 Nd7 24. g4 Be6 25. f5 Bxf5 26. Nf3 Rxe1+ 27. Rxe1 Be6
28. Ng5 Nf8 29. Ne4 Qc6 30. Bh6 Nd7 31. Nf6+ Kh8 32. Nxd7 Bxd7 33. Re7 Be8 34.
Bg5 Qf3 35. Bf6+ Kg8 36. g5 Bc6 37. Qf2 Qh1# 0-1